[Event "Moscow Open A 2015"]
[Site "Moscow RUS"]
[Date "2015.02.02"]
[Round "3.63"]
[White "Tillyaev, Ulugbek"]
[Black "Igonin, Temur"]
[Result "1/2-1/2"]
[WhiteTitle "FM"]
[BlackTitle "FM"]
[WhiteElo "2404"]
[BlackElo "2274"]
[WhiteFideId "14202441"]
[BlackFideId "14203049"]
[EventDate "2015.01.31"]

1. f4 d5 2. Nf3 g6 3. g3 Bg7 4. Bg2 c5 5. c3 Nc6 6. d3 Nf6 7. O-O d4 8. Qe1 O-O
9. Na3 Nd5 10. Bd2 e5 11. c4 Ne3 12. Bxe3 dxe3 13. Nxe5 Nxe5 14. fxe5 Bxe5 15.
Nc2 Qe7 16. Rb1 a5 17. Kh1 Bg7 18. Bd5 Bf5 19. a3 Ra7 20. Qc1 Bh6 21. Ne1 b6 22.
Nc2 Bg5 23. Rg1 h5 24. Qf1 Qd7 25. Ne1 Bh6 26. Ng2 Kg7 27. Nf4 b5 28. b3 b4 29.
a4 Re8 30. Qg2 Bxf4 31. Bc6 Bh3 32. Qf3 Bg4 33. Qg2 Bh3 34. Qf3 Bg4 35. Qg2 Bh3
36. Bxd7 Bxg2+ 37. Kxg2 Rxd7 38. gxf4 f5 39. Kg3 Kh6 40. Kf3 Kg7 1/2-1/2

[Event "Moscow Open A 2015"]
[Site "Moscow RUS"]
[Date "2015.02.02"]
[Round "3.64"]
[White "Sysoev, Vjacheslav"]
[Black "Lugovskoy, Maxim"]
[Result "1-0"]
[WhiteTitle "FM"]
[BlackTitle "IM"]
[WhiteElo "2306"]
[BlackElo "2401"]
[WhiteFideId "4198689"]
[BlackFideId "24126454"]
[EventDate "2015.01.31"]

1. e4 e6 2. Qe2 Nc6 3. Nf3 e5 4. d3 d6 5. g3 g6 6. Bg2 Bg7 7. c3 Nge7 8. Na3 O-O
9. Nc2 h6 10. h3 Be6 11. d4 exd4 12. Nfxd4 Bd7 13. Be3 Nxd4 14. Bxd4 Nc6 15.
Bxg7 Kxg7 16. f4 Re8 17. O-O-O Rb8 18. Qd2 Be6 19. Kb1 b5 20. e5 Na5 21. exd6
cxd6 22. g4 Nc4 23. Qd4+ Kh7 24. b3 Nb6 25. Rhf1 f5 26. g5 a5 27. Qxd6 a4 28.
Kb2 axb3 29. axb3 Qc8 30. Rfe1 Bf7 31. Rxe8 Qxe8 32. Qc7 hxg5 33. Rd6 Na8 34.
Qa7 Kg8 35. Rd7 Rc8 36. Re7 Qf8 37. Nb4 Qg7 38. Bc6 Kf8 39. fxg5 f4 40. Nd5 f3
41. Nf6 f2 42. Qc5 f1=N 43. Re8# 1-0

[Event "Moscow Open A 2015"]
[Site "Moscow RUS"]
[Date "2015.02.02"]
[Round "3.65"]
[White "Drygalov, Sergey"]
[Black "Mu, Ke"]
[Result "0-1"]
[WhiteElo "2269"]
[BlackElo "2401"]
[WhiteFideId "24171743"]
[BlackFideId "8602778"]
[EventDate "2015.01.31"]

1. e4 e6 2. d4 d5 3. Nd2 Nc6 4. Ngf3 Nf6 5. e5 Nd7 6. Bb5 a6 7. Bxc6 bxc6 8. c4
a5 9. O-O dxc4 10. Nxc4 Nb6 11. Qc2 Qd7 12. Nxb6 cxb6 13. Be3 Qd5 14. Ng5 Bb7
15. Nh3 a4 16. Nf4 Qb5 17. Rac1 Be7 18. Nh5 g6 19. Ng3 h6 20. Ne4 Kf8 21. f3 Kg7
22. Qf2 Qd5 23. Nc3 Qd7 24. Qc2 a3 25. b3 Bg5 26. Qf2 Rad8 27. Rfd1 Be7 28. Qe2
Ra8 29. Na4 Qd8 30. d5 cxd5 31. Nxb6 Ra5 32. Na4 Qb8 33. Qd2 Rb5 34. Nc3 Rb4 35.
Ne2 Kh7 36. Bd4 Ba6 37. Nc3 Bb5 38. Nxb5 Rxb5 39. Qc3 Rb7 40. Qc6 Rd8 41. g3 Kg7
42. Kf2 h5 43. f4 Rdd7 44. Qc8 Qxc8 45. Rxc8 Rdc7 46. Rc1 Rxc1 47. Rxc1 g5 48.
f5 exf5 49. Rc6 Rb4 50. Ke3 f4+ 51. gxf4 gxf4+ 52. Kd3 f3 53. Rc1 Kg6 54. Rf1
Kf5 55. Rxf3+ Ke6 56. Rf1 Rb8 57. Rb1 h4 58. Rg1 Rc8 59. Bc3 Rb8 60. Bd4 Rh8 61.
Bc3 Rh5 62. b4 Rf5 63. b5 Rf3+ 64. Kc2 Bc5 65. Rg8 d4 66. Bd2 Kxe5 67. Rc8 Kd5
68. Rh8 h3 69. Be1 Kc4 70. Rb8 d3+ 71. Kd1 Rf1 72. Re8 Kxb5 73. Re5 Kc4 74. Re4+
Kd5 75. Re3 d2 76. Rd3+ Kc4 77. Rxd2 Rxe1+ 0-1

[Event "Moscow Open A 2015"]
[Site "Moscow RUS"]
[Date "2015.02.02"]
[Round "3.66"]
[White "Svetlov, Dmitry"]
[Black "Naghdiyev, Niyazi"]
[Result "1-0"]
[WhiteTitle "FM"]
[WhiteElo "2396"]
[BlackElo "2266"]
[WhiteFideId "24102610"]
[BlackFideId "13405519"]
[EventDate "2015.01.31"]

1. Nf3 Nf6 2. c4 e6 3. g3 b6 4. Bg2 Bb7 5. O-O Be7 6. d4 O-O 7. d5 exd5 8. Nh4
c6 9. cxd5 Nxd5 10. Nf5 Nf6 11. e4 d5 12. Nc3 dxe4 13. Bf4 Nd5 14. Qg4 g6 15.
Nxe4 Bc8 16. Nxe7+ Qxe7 17. Qf3 Bf5 18. Nc3 Nxf4 19. Qxf4 a5 20. g4 Be6 21. Rfe1
Qb4 22. Ne4 Qxb2 23. Nf6+ Kg7 24. g5 Nd7 25. Rab1 Qc3 26. Nxd7 Bxd7 27. Rec1 Qd3
28. Rd1 Qc2 29. Qd4+ Kg8 30. Rb2 Qf5 31. Qxd7 Rad8 32. Qxd8 Rxd8 33. Rxd8+ Kg7
34. Rxb6 Qxg5 35. Rd1 Qg4 36. Rc1 Qe2 37. a4 Qa2 38. Rbxc6 Kh6 39. R1c4 Qa1+ 40.
Bf1 Kg5 41. R6c5+ f5 42. Rxa5 h5 43. Ra6 f4 44. Rcc6 1-0

[Event "Moscow Open A 2015"]
[Site "Moscow RUS"]
[Date "2015.02.02"]
[Round "3.67"]
[White "Gevorgyan, David"]
[Black "Aliyev, Rasim"]
[Result "1-0"]
[WhiteElo "2395"]
[BlackElo "2257"]
[WhiteFideId "13303244"]
[BlackFideId "13401084"]
[EventDate "2015.01.31"]

1. d4 d5 2. c4 e6 3. Nf3 Nf6 4. Nc3 Nbd7 5. cxd5 exd5 6. Bg5 c6 7. Qc2 Be7 8. e3
O-O 9. Bd3 Re8 10. h3 Nf8 11. a3 a6 12. O-O g6 13. Ne5 Ne6 14. f4 Ng7 15. g4 Nd7
16. Bh6 Nf8 17. f5 f6 18. Nf3 Qc7 19. Kf2 Bd6 20. fxg6 hxg6 21. Bxg6 Nxg6 22.
Qxg6 Qf7 23. Qxf7+ Kxf7 24. Bf4 Be7 25. Na4 a5 26. Rac1 Be6 27. Nc5 Bxc5 28.
Rxc5 Ra6 29. b3 Bd7 30. Rc3 Rb6 31. Bc7 Ra6 32. Kg3 Ke7 33. Nh4 Rg8 34. Ng6+ Ke6
35. Nf4+ Kf7 36. Nd3 Ne6 37. Be5 Rg6 38. Bd6 Ng5 39. Nc5 Be6 40. Bf4 Ne4+ 41.
Nxe4 dxe4 42. Rb1 Ke7 43. Rc5 Bd5 44. h4 Ra8 45. h5 Rg7 46. h6 Rh7 47. Kh4 b6
48. Rc2 Rg8 49. b4 b5 50. bxa5 Ke6 51. Rbc1 Ra8 52. Rxc6+ Bxc6 53. Rxc6+ Kf7 54.
a6 Rhh8 55. Kh5 Ra7 56. g5 fxg5 57. Be5 Rh7 58. Kxg5 Kg8 59. Rg6+ Kf8 60. Bg7+
Kg8 61. Rb6 Ra8 62. Kf5 1-0

[Event "Moscow Open A 2015"]
[Site "Moscow RUS"]
[Date "2015.02.02"]
[Round "3.68"]
[White "Mirzaev, Aziz"]
[Black "Ozolin, Maxim"]
[Result "1/2-1/2"]
[WhiteTitle "FM"]
[BlackTitle "IM"]
[WhiteElo "2268"]
[BlackElo "2394"]
[WhiteFideId "4116224"]
[BlackFideId "4133340"]
[EventDate "2015.01.31"]

1. d4 Nf6 2. c4 g6 3. g3 Bg7 4. Bg2 c5 5. Nf3 O-O 6. O-O d6 7. Nc3 Nc6 8. dxc5
dxc5 9. Be3 Qa5 10. Nd2 Rd8 11. Nd5 Nxd5 12. cxd5 Nd4 13. Nb3 Qb6 14. Rc1 Bg4
15. f3 Bf5 16. g4 Bd7 17. Rxc5 Nxb3 18. Qxb3 Qxb3 19. axb3 Bxb2 20. Rc7 b6 21.
f4 Bxg4 22. d6 exd6 23. Bxa8 Rxa8 24. Rd1 Re8 25. Bf2 Rxe2 26. Rxd6 Re4 27. Rxa7
b5 28. Rd8+ Kg7 29. Rb7 b4 30. Bc5 Bc3 31. Bf8+ Kf6 32. Rd6+ Be6 33. Be7+ Kg7
34. Rd3 Rxf4 35. Bc5 h5 36. Be3 Re4 37. Kf2 h4 38. Kf3 Bf5 39. Bc5 g5 40. Rd8
g4+ 41. Kf2 Be6 42. Rd3 Kg6 43. Rb6 Kf5 44. Be3 Be5 45. Rb5 Kg6 46. Kg1 f5 47.
Rb6 Kf6 48. Bf2 h3 49. Re3 Rxe3 50. Bxe3 Bc3 51. Bc5 Ke5 52. Rxb4 Bxb4 53. Bxb4
Ke4 54. Bd6 Kf3 55. b4 Bc4 56. Bc7 Bb5 57. Bd6 f4 58. Bc7 g3 59. Bd6 Bd7 60. Bc7
gxh2+ 61. Kxh2 Ke3 62. Bb6+ Ke2 63. Kg1 f3 64. Bc5 Bc6 65. Bb6 f2+ 66. Bxf2 h2+
67. Kxh2 Kxf2 1/2-1/2

[Event "Moscow Open A 2015"]
[Site "Moscow RUS"]
[Date "2015.02.02"]
[Round "3.69"]
[White "Afanasiev, Nikita"]
[Black "Meribanov, Vitaly"]
[Result "1-0"]
[WhiteTitle "FM"]
[BlackTitle "IM"]
[WhiteElo "2264"]
[BlackElo "2390"]
[WhiteFideId "24183555"]
[BlackFideId "13504363"]
[EventDate "2015.01.31"]

1. d4 Nf6 2. Bg5 c5 3. Bxf6 gxf6 4. d5 Qb6 5. Qc1 d6 6. Nf3 f5 7. a4 Bg7 8. c3
Nd7 9. e3 Qb3 10. Na3 Qxd5 11. Qc2 Ne5 12. Bb5+ Kf8 13. Nxe5 Qxe5 14. O-O-O Be6
15. Kb1 Bd5 16. Bd3 Bxg2 17. f4 Qd5 18. Bxf5 Bxh1 19. Rxd5 Bxd5 20. Be4 Bxe4 21.
Qxe4 Rb8 22. Qd5 h5 23. Nb5 Rh6 24. Nxa7 Re6 25. Nb5 h4 26. Qf3 Rg6 27. Ka2 Bf6
28. Kb3 Kg7 29. e4 Rh8 30. Qh3 Rd8 31. Nc7 e6 32. f5 exf5 33. exf5 Rg5 34. Qf3
Rh8 35. h3 b6 36. Kc4 Be5 37. Qe4 Rg3 38. Nd5 Rg1 39. Kb5 Rg3 40. Kxb6 Rb8+ 41.
Kc7 Rxb2 42. Qxh4 f6 43. Nxf6 Kf7 44. Ng4 Rxc3 45. Qh7+ Kf8 46. Nxe5 dxe5 47. f6 1-0

[Event "Moscow Open A 2015"]
[Site "Moscow RUS"]
[Date "2015.02.02"]
[Round "3.70"]
[White "Martirosyan, Haik M."]
[Black "Shapiro, David"]
[Result "1-0"]
[WhiteTitle "FM"]
[BlackTitle "FM"]
[WhiteElo "2389"]
[BlackElo "2252"]
[WhiteFideId "13306553"]
[BlackFideId "24133523"]
[EventDate "2015.01.31"]

1. Nf3 d5 2. c4 c6 3. e3 Nf6 4. Nc3 e6 5. b3 Nbd7 6. Qc2 Bd6 7. Bb2 O-O 8. Rg1
e5 9. cxd5 cxd5 10. Nb5 Qe7 11. Rc1 e4 12. Nfd4 Ne5 13. Nxd6 Qxd6 14. Qc7 Qxc7
15. Rxc7 a6 16. f3 Re8 17. Be2 b5 18. Kf2 Bd7 19. Rgc1 b4 20. Rb7 a5 21. Rcc7
Rec8 22. Ra7 Rxa7 23. Rxa7 a4 24. Nb5 Nd3+ 25. Bxd3 exd3 26. Nd6 Rd8 27. bxa4 h6
28. Bd4 Be6 29. Nb7 Rd7 30. Ra8+ Kh7 31. Nc5 Rc7 32. Nxd3 Rc2 33. Ke2 Rxa2 34.
Nxb4 Ra3 35. Bxf6 gxf6 36. Nc2 Ra2 37. Nd4 Bd7 38. a5 Kg7 39. g4 h5 40. gxh5 1-0

[Event "Moscow Open A 2015"]
[Site "Moscow RUS"]
[Date "2015.02.02"]
[Round "3.71"]
[White "Galoyan, Levon"]
[Black "Triapishko, Olexandr"]
[Result "0-1"]
[WhiteTitle "FM"]
[WhiteElo "2256"]
[BlackElo "2379"]
[WhiteFideId "13302027"]
[BlackFideId "14122286"]
[EventDate "2015.01.31"]

1. d4 Nf6 2. c4 g6 3. Nc3 d5 4. Nf3 Bg7 5. Bg5 Ne4 6. cxd5 Nxg5 7. Nxg5 e6 8.
Qd2 h6 9. Nh3 exd5 10. Qe3+ Kf8 11. Nf4 c5 12. dxc5 d4 13. Qd2 g5 14. Nh5 Nc6
15. Nxg7 Kxg7 16. Nb5 Bg4 17. h3 Be6 18. Rd1 Qf6 19. b3 Rad8 20. Nd6 b6 21. e4
dxe3 22. Qxe3 Nb4 23. Qd2 bxc5 24. Be2 Bd5 25. a3 Bxb3 26. axb4 Bxd1 27. bxc5
Bxe2 28. Kxe2 Rhe8+ 29. Kd1 Rxd6 30. cxd6 Re6 0-1

[Event "Moscow Open A 2015"]
[Site "Moscow RUS"]
[Date "2015.02.02"]
[Round "3.72"]
[White "Akhmetov, Ayan"]
[Black "Kardashevskiy, Evgeny"]
[Result "0-1"]
[WhiteTitle "IM"]
[WhiteElo "2376"]
[BlackElo "2236"]
[WhiteFideId "13703706"]
[BlackFideId "24108138"]
[EventDate "2015.01.31"]

1. e4 c5 2. Nf3 g6 3. d4 cxd4 4. Nxd4 Nf6 5. Nc3 Nc6 6. Be3 Bg7 7. Be2 O-O 8.
Nb3 d6 9. O-O Be6 10. f4 Rc8 11. Kh1 a6 12. Rf2 b5 13. Bf3 b4 14. Nd5 Nd7 15.
Rb1 a5 16. Nd2 Nd4 17. Nb3 Nc6 18. Rd2 a4 19. Nd4 Bxd5 20. exd5 Nxd4 21. Bxd4
Bxd4 22. Rxd4 Qb6 23. c3 bxc3 24. bxc3 Qa5 25. Rxa4 Qxc3 26. Ra7 Rc7 27. Rxc7
Qxc7 28. h3 Ra8 29. Qe2 Nc5 30. Rb5 Na4 31. Rb4 Nc3 32. Qc2 Rxa2 33. Qb3 Ra1+
34. Kh2 Qc5 35. Rc4 Qg1+ 36. Kg3 Qe1+ 37. Kh2 Rc1 38. Qb8+ Kg7 39. Rc8 Qg1+ 40.
Kg3 Qe3 41. Qb2 h5 42. h4 f6 43. Rc4 Kf7 44. Kh2 Qe1 45. Kh3 f5 46. Qb4 Qe3 47.
Kh2 Qf2 0-1

[Event "Moscow Open A 2015"]
[Site "Moscow RUS"]
[Date "2015.02.02"]
[Round "3.73"]
[White "Ovchinnikov, Vsevolod"]
[Black "Bazeev, German"]
[Result "1-0"]
[WhiteTitle "FM"]
[WhiteElo "2249"]
[BlackElo "2374"]
[WhiteFideId "24176842"]
[BlackFideId "24119350"]
[EventDate "2015.01.31"]

1. d4 Nf6 2. c4 e6 3. Nf3 b6 4. g3 Ba6 5. Qc2 c5 6. d5 exd5 7. cxd5 g6 8. Nc3
Bg7 9. Bg2 O-O 10. O-O b5 11. Bf4 b4 12. Na4 d6 13. Rad1 Bb5 14. Rfe1 Qe8 15.
Bxd6 Bxa4 16. b3 Bb5 17. e4 Na6 18. e5 Nh5 19. Qc1 Qd7 20. Bxf8 Rxf8 21. h3 Rd8
22. g4 Nf6 23. exf6 Bxf6 24. Ne5 Qd6 25. Qf4 Rd7 26. g5 Bg7 27. Qh2 Rc7 28. Nc4
Qxh2+ 29. Kxh2 Bf8 30. Bf1 Rc8 31. Na5 Bxf1 32. Rxf1 Rd8 33. Nc4 Nc7 34. d6 Ne6
35. Rd5 Bg7 36. f4 Bd4 37. Kg2 Ng7 38. Re1 Nf5 39. d7 Kf8 40. Na5 1-0

[Event "Moscow Open A 2015"]
[Site "Moscow RUS"]
[Date "2015.02.02"]
[Round "3.74"]
[White "Baghdasaryan, Vahe"]
[Black "Mukhitdinov, Akmalkhon"]
[Result "1/2-1/2"]
[WhiteTitle "IM"]
[WhiteElo "2372"]
[BlackElo "2218"]
[WhiteFideId "13303139"]
[BlackFideId "24150851"]
[EventDate "2015.01.31"]

1. c4 e6 2. g3 d5 3. Bg2 Nf6 4. Nf3 dxc4 5. Qa4+ Bd7 6. Qxc4 Bc6 7. O-O Be7 8.
d3 Nbd7 9. e4 O-O 10. Nd4 Ne5 11. Qc3 Qd7 12. Bf4 Ng6 13. Nxc6 bxc6 14. Be3 Ng4
15. e5 Rad8 16. Bxa7 Qxd3 17. Qxd3 Rxd3 18. Be4 Rdd8 19. f4 Ra8 20. Bf2 Nxf2 21.
Kxf2 Rfb8 22. Rd1 Rxb2+ 23. Rd2 Bc5+ 24. Kf1 Rxd2 25. Nxd2 Bd4 26. Bxc6 Ra6 27.
Bb5 Ra7 28. Rd1 Rxa2 29. Ne4 c5 30. Be2 Ne7 31. Nxc5 Nf5 32. Rc1 Ne3+ 33. Ke1
Nc2+ 34. Kd1 Bxc5 35. Rxc2 Rxc2 36. Kxc2 Bg1 37. h3 Bh2 38. Kd3 Bxg3 39. Ke4 g6
40. Bc4 Bh4 1/2-1/2

[Event "Moscow Open A 2015"]
[Site "Moscow RUS"]
[Date "2015.02.02"]
[Round "3.75"]
[White "Khegay, Dmitriy"]
[Black "Karpenko, Artem"]
[Result "1-0"]
[WhiteTitle "FM"]
[WhiteElo "2370"]
[BlackElo "2188"]
[WhiteFideId "24153729"]
[BlackFideId "24175595"]
[EventDate "2015.01.31"]

1. Nf3 d5 2. g3 c6 3. Bg2 Bg4 4. c4 e6 5. cxd5 Bxf3 6. Bxf3 cxd5 7. O-O Nc6 8.
Nc3 f5 9. d3 Nf6 10. e4 fxe4 11. dxe4 d4 12. Ne2 e5 13. Bd2 Be7 14. Nc1 Qd7 15.
Nd3 O-O 16. Bg2 Bd6 17. f4 Rae8 18. f5 h6 19. g4 Nh7 20. Rc1 Rc8 21. h4 Be7 22.
Qb3+ Kh8 23. Rxc6 Rxc6 24. Nxe5 Qe8 25. Nxc6 bxc6 26. g5 hxg5 27. hxg5 Nxg5 28.
Qd1 Bf6 29. Qg4 Nf7 30. Qh3+ Kg8 31. Bf3 Ng5 32. Qg4 Qe7 33. Bd1 Qxe4 34. Bb3+
Kh8 35. Qh5+ Nh7 36. Re1 Qh4 37. Qxh4 Bxh4 38. Re4 Bd8 39. Bb4 Bb6 40. Bxf8 Nxf8
41. Rh4+ Nh7 42. Kf1 1-0

[Event "Moscow Open A 2015"]
[Site "Moscow RUS"]
[Date "2015.02.02"]
[Round "3.76"]
[White "Elistratov, Semen"]
[Black "Kanter, Eduard"]
[Result "0-1"]
[BlackTitle "IM"]
[WhiteElo "2206"]
[BlackElo "2369"]
[WhiteFideId "24134325"]
[BlackFideId "4103963"]
[EventDate "2015.01.31"]

1. e4 c5 2. Nf3 d6 3. d4 cxd4 4. Nxd4 Nf6 5. Nc3 a6 6. h3 e5 7. Nde2 h5 8. Bg5
Be6 9. g3 Nbd7 10. Bg2 Be7 11. O-O Rc8 12. Qd2 b5 13. a3 O-O 14. Rad1 Re8 15.
Kh1 Bc4 16. Rfe1 Qb6 17. Be3 Qc7 18. f4 Nb6 19. Bf2 Be6 20. b3 Red8 21. Qe3 Rb8
22. Ng1 h4 23. f5 hxg3 24. Bxg3 Bc8 25. Nge2 Bb7 26. Rd2 Nbd7 27. Bf3 Qc5 28.
Bf2 Qxe3 29. Bxe3 Rbc8 30. Nd5 Nxd5 31. exd5 Nf6 32. Bg2 Nh7 33. Ng3 Bh4 34. Bf2
Nf6 35. Ne4 Nxe4 36. Bxe4 Bg5 37. Be3 Bxe3 38. Rxe3 f6 39. Rg3 Rc5 40. h4 Rdc8
41. Rg6 R8c7 42. Kh2 Rc3 43. Rdg2 Re3 44. R2g4 Bc8 45. h5 Rxe4 46. Rxe4 Bxf5 47.
Re2 Bxg6 48. hxg6 Rc5 49. Rd2 Rc3 50. Kg2 Kf8 0-1

[Event "Moscow Open A 2015"]
[Site "Moscow RUS"]
[Date "2015.02.02"]
[Round "3.77"]
[White "Yandemirov, Valeri"]
[Black "Kalinin, Nikita"]
[Result "1/2-1/2"]
[WhiteTitle "GM"]
[WhiteElo "2365"]
[BlackElo "2139"]
[WhiteFideId "4102622"]
[BlackFideId "24155390"]
[EventDate "2015.01.31"]

1. e4 e5 2. Nf3 Nc6 3. Nc3 Nf6 4. d4 exd4 5. Nxd4 Bb4 6. Nxc6 bxc6 7. Bd3 d5 8.
exd5 O-O 9. O-O cxd5 10. Bg5 c6 11. Qf3 Bd6 12. h3 Rb8 13. Rab1 Re8 14. b3 h6
15. Bf4 Bxf4 16. Qxf4 Be6 17. Na4 Qa5 18. Qd6 Rbc8 19. Qc5 Qxc5 20. Nxc5 Nd7 21.
Nxd7 Bxd7 22. b4 c5 23. bxc5 Rxc5 24. Rb7 Ba4 25. Rxa7 Bxc2 26. Rc1 Rec8 27. Ba6
Bf5 28. Rxc5 Rxc5 29. Ra8+ Kh7 30. a4 Rc1+ 31. Kh2 Ra1 32. Bb5 Bc2 33. Rd8 Bb3
34. Be8 Ra2 35. Kg3 f6 36. h4 Bxa4 37. Bf7 g6 38. Bxd5 Re2 39. Ra8 Be8 40. Ra7+
Kh8 41. f3 Re5 42. Be4 Kg8 43. Kf2 Kf8 1/2-1/2

[Event "Moscow Open A 2015"]
[Site "Moscow RUS"]
[Date "2015.02.02"]
[Round "3.78"]
[White "Drygalov, Andrey"]
[Black "Savenkov, Konstantin"]
[Result "1-0"]
[BlackTitle "FM"]
[WhiteElo "2162"]
[BlackElo "2363"]
[WhiteFideId "24171735"]
[BlackFideId "4138600"]
[EventDate "2015.01.31"]

1. e4 e5 2. Nf3 Nc6 3. Bc4 Bc5 4. c3 Nf6 5. d3 a6 6. Bb3 O-O 7. O-O d6 8. h3 Ba7
9. Nbd2 Ne7 10. Re1 Ng6 11. Nf1 c6 12. Ng3 h6 13. d4 Re8 14. Bc2 Qc7 15. Be3 Bd7
16. Qd2 Kh7 17. Rad1 Rad8 18. Qc1 b5 19. Nf5 exd4 20. Bxh6 Bxf5 21. exf5 gxh6
22. fxg6+ fxg6 23. Qf4 Nd5 24. Qg4 Qf7 25. cxd4 Rxe1+ 26. Rxe1 c5 27. Nh4 Rg8
28. Nxg6 Rxg6 29. Bxg6+ Qxg6 30. Qd7+ Qg7 31. Qf5+ 1-0

[Event "Moscow Open A 2015"]
[Site "Moscow RUS"]
[Date "2015.02.02"]
[Round "3.79"]
[White "Aliyev, Ravan"]
[Black "Sadovsky, Artem"]
[Result "0-1"]
[WhiteElo "2070"]
[BlackElo "2362"]
[WhiteFideId "13409980"]
[BlackFideId "4155840"]
[EventDate "2015.01.31"]

1. d4 g6 2. Nc3 Bg7 3. e4 d6 4. Be3 e5 5. Nge2 Nc6 6. Qd2 f5 7. exf5 Bxf5 8.
dxe5 Nxe5 9. Nd4 Bd7 10. O-O-O Nf6 11. h3 O-O 12. f4 Nf7 13. Bc4 Qc8 14. g4 c6
15. Bxf7+ Rxf7 16. Nf3 d5 17. Bc5 b6 18. Ba3 c5 19. Ng5 d4 20. Nxf7 dxc3 21. Qd6
Kxf7 22. g5 Bc6 23. gxf6 Bf8 24. Qe5 Bxh1 25. Rxh1 Qc6 26. Rf1 cxb2+ 27. Bxb2
Re8 28. Qg5 c4 29. Qh4 c3 30. Qxh7+ Kxf6 31. Qh8+ Bg7 32. Qh4+ Kf7 33. Ba1 Qa4
34. Rf3 Qxa2 35. Bxc3 Re2 0-1

[Event "Moscow Open A 2015"]
[Site "Moscow RUS"]
[Date "2015.02.02"]
[Round "3.80"]
[White "Kotenko, Pavel"]
[Black "Lkhamsuren, Uuganbayar"]
[Result "1/2-1/2"]
[WhiteTitle "IM"]
[BlackTitle "WFM"]
[WhiteElo "2359"]
[BlackElo "2106"]
[WhiteFideId "4130219"]
[BlackFideId "4901347"]
[EventDate "2015.01.31"]

1. e4 c6 2. d4 d5 3. Nc3 dxe4 4. Nxe4 Bf5 5. Ng3 Bg6 6. h4 h6 7. Nf3 Nd7 8. h5
Bh7 9. Bd3 Bxd3 10. Qxd3 e6 11. Bf4 Qa5+ 12. Bd2 Bb4 13. c3 Be7 14. c4 Qc7 15.
d5 cxd5 16. cxd5 Qd6 17. Qb3 Ngf6 18. dxe6 Qxe6+ 19. Qxe6 fxe6 20. Rc1 Bd6 21.
Nf1 Nc5 22. Ke2 Nce4 23. Be3 O-O 24. N1d2 Nxd2 25. Nxd2 Rac8 26. Nc4 Bc5 27. f3
Bxe3 28. Kxe3 Rc5 29. Nd6 Re5+ 30. Ne4 Nxe4 31. fxe4 Rg5 32. Rc2 e5 33. Rh3 Rf1
34. Rf2 Re1+ 35. Kf3 Rg1 36. g3 Re1 37. Kg2 Re3 38. Rd2 Rxe4 39. Kf3 Rb4 40. Rh1
Rf5+ 41. Kg2 e4 42. Rh4 Kf7 43. Re2 Re5 44. Rf4+ Ke6 45. g4 Rd4 1/2-1/2

[Event "Moscow Open A 2015"]
[Site "Moscow RUS"]
[Date "2015.02.02"]
[Round "3.81"]
[White "Parvanyan, Ashot"]
[Black "Rodchenkov, Vitaly"]
[Result "1-0"]
[BlackTitle "FM"]
[WhiteElo "2053"]
[BlackElo "2356"]
[WhiteFideId "13307550"]
[BlackFideId "4152964"]
[EventDate "2015.01.31"]

1. Nf3 c5 2. c4 Nf6 3. g3 b6 4. Bg2 Bb7 5. O-O e6 6. Nc3 Be7 7. Re1 d6 8. e4 a6
9. d4 cxd4 10. Nxd4 Qc7 11. Be3 Nbd7 12. f4 Rc8 13. Rc1 Qb8 14. Nd5 exd5 15.
exd5 O-O 16. Nc6 Bxc6 17. dxc6 Ne5 18. fxe5 dxe5 19. Qb3 Bd8 20. a4 e4 21. c5 b5
22. axb5 axb5 23. Bf4 Bc7 24. Bg5 Be5 25. Bxf6 Bxf6 26. Bxe4 h5 27. Rcd1 Qa7 28.
Qd5 Bxb2 29. Bf5 Rc7 30. Bd7 g6 31. Qd6 Qa5 32. Rf1 Ra7 33. Rd3 b4 34. Rdf3 Kg7
35. R3f2 Bc3 36. Qd5 f6 37. Re2 b3 38. Re7+ Kh6 39. Qd6 Qd8 40. h4 Qb8 41. Qd3
Bd4+ 42. Qxd4 Qxg3+ 43. Kh1 Rxd7 44. Qxd7 Qxh4+ 45. Kg2 f5 46. Rh7+ Kg5 47. Qd2+
f4 48. Rg1 Re8 49. Kf1+ 1-0

[Event "Moscow Open A 2015"]
[Site "Moscow RUS"]
[Date "2015.02.02"]
[Round "3.82"]
[White "Bublei, Pavel"]
[Black "Mezentsev, Ivan"]
[Result "1-0"]
[WhiteTitle "FM"]
[WhiteElo "2354"]
[BlackElo "2078"]
[WhiteFideId "24112593"]
[BlackFideId "13706195"]
[EventDate "2015.01.31"]

1. d4 Nf6 2. Nf3 e6 3. c4 d5 4. Nc3 Bb4 5. Bd2 O-O 6. e3 b6 7. cxd5 exd5 8. Bd3
c5 9. O-O c4 10. Bc2 Bg4 11. Qb1 Bxf3 12. gxf3 Nc6 13. Kh1 Ne7 14. a3 Ba5 15. b4
cxb3 16. Qxb3 Qd7 17. Bd3 Qh3 18. Qd1 b5 19. Nxd5 Nexd5 20. Bxa5 a6 21. Rg1 Qh4
22. Qf1 Rac8 23. Qg2 g6 24. Rgc1 Rfe8 25. Qg3 Qh6 26. Rc5 Qf8 27. Bb4 Nxb4 28.
axb4 Nd7 29. Rxc8 Rxc8 30. Bf5 Rd8 31. Rxa6 1-0

[Event "Moscow Open A 2015"]
[Site "Moscow RUS"]
[Date "2015.02.02"]
[Round "3.84"]
[White "Alekseev, Evgeny"]
[Black "Nazarov, Rustem"]
[Result "1-0"]
[WhiteTitle "GM"]
[WhiteElo "2679"]
[BlackElo "2059"]
[WhiteFideId "4138147"]
[BlackFideId "14002280"]
[EventDate "2015.01.31"]

1. e4 c5 2. Nf3 d6 3. d4 cxd4 4. Nxd4 Nf6 5. Nc3 a6 6. h3 g6 7. g4 Bg7 8. Bg2
O-O 9. Be3 Nc6 10. Qd2 Bd7 11. f4 Rc8 12. O-O-O Na5 13. b3 Qc7 14. Nd5 Nxd5 15.
exd5 b5 16. Rhe1 b4 17. Kb1 Nb7 18. Bf2 Rfe8 19. Re2 Bb5 20. Nxb5 axb5 21. Qxb4
Bc3 22. Qxb5 Ra8 23. Rd3 Rec8 24. a4 Na5 25. Bb6 Qb7 26. Bd4 Qxb5 27. axb5 Bxd4
28. Rxd4 Rc5 29. Rb4 Kf8 30. c4 Nb7 31. Ra2 1-0

[Event "Moscow Open A 2015"]
[Site "Moscow RUS"]
[Date "2015.02.02"]
[Round "3.85"]
[White "Ivlev, Aleksey"]
[Black "Munguntuul, Batkhuyag"]
[Result "0-1"]
[BlackTitle "IM"]
[WhiteElo "2231"]
[BlackElo "2433"]
[WhiteFideId "24185949"]
[BlackFideId "4900758"]
[EventDate "2015.01.31"]

1. d4 d5 2. c4 e6 3. Nf3 h6 4. g3 Nf6 5. Bg2 c5 6. cxd5 exd5 7. O-O Nc6 8. Nc3
Be7 9. dxc5 Bxc5 10. Bf4 O-O 11. Rc1 Be7 12. Qd3 Qb6 13. Na4 Qa5 14. Nc3 Qb4 15.
Qb5 Bf5 16. Qxb4 Bxb4 17. Nb5 Be4 18. a3 Be7 19. Nfd4 Nxd4 20. Nxd4 Rfc8 21. f3
Bg6 22. Bh3 Rc4 23. Rxc4 dxc4 24. Rc1 Nd5 25. Rxc4 Nxf4 26. gxf4 Bf6 27. e4 b5
28. Nxb5 Bxb2 29. Rc2 Bf6 30. Bf1 Rb8 31. Kg2 a6 32. Nc7 Rb2 33. Rxb2 Bxb2 34.
f5 Bh5 35. Bxa6 Bxa3 36. Bc4 Bd6 37. Nd5 Kf8 38. Nc3 f6 39. Ne2 Be5 40. h3 Ke7
41. Kf2 Kd6 42. Ke3 Kc5 43. Ba6 Bb2 44. Bc8 Be8 45. Be6 Bb5 46. Ng3 Bc1+ 47. Kf2
Be8 48. Bg8 Bf4 49. Ne2 Be5 50. Ke3 Bb5 51. Nc1 Kb4 52. f4 Bc7 53. Na2+ Kc5 54.
Nc3 Bf1 55. h4 Ba5 56. Nd5 Bc4 57. Ne7 Bxg8 58. Nxg8 Kd6 59. Kf3 Bc3 60. Kg4 Kd7
61. Kh5 Ke8 62. Nxh6 gxh6 63. Kxh6 Kf7 64. Kh7 Bd4 65. e5 Bxe5 66. h5 Bxf4 67.
Kh8 Bh6 68. Kh7 Bf4 0-1